Strongest Marvel Characters (Updated) - Statistics

General Stats
  • This quiz has been taken 45 times
  • The average score is 13 of 51
Answer Stats
Hint Answer % Correct
17. U, V Thanos (Infinity Gauntlet)
83%
24. C, MV Galactus
71%
19. MV, V, S, MT House of M Scarlet Witch
63%
1. C, MV The One Above All
63%
5. C, MV, V TOBA Hulk
63%
9. C, MV, V, MT Phoenix Force Jean Grey
54%
43. U, V, MT Magneto (Onslaught)
46%
8. MV, O The Beyonder
46%
6. C, MV, The Living Tribunal
42%
50. U Captain Marvel
38%
33. C, U Dormammu
38%
20. C, MV Eternity
38%
15. MV, V Infinity Engine Ultron
38%
40. C, U Silver Surfer
38%
2. C, MV The One Below All
38%
12. MV Franklin Richards
33%
7. C, MV, V, S The Living Tribunal Adam Warlock
33%
51. MT Iceman
29%
22. C, MV, O Infinity
29%
36. U, S Odin
29%
10. U, V, S Rune King Thor
29%
21. C, MV, O Death
25%
44. U, MT Apocalypse
21%
37. U, S Mephisto
21%
38. U, S Zeus
21%
29. C, MV, V, S God of Stories Loki
17%
18. MV, O Molecule Man
17%
23. C, MV, O Oblivion
17%
3. C, MV, O The Fulcrum
17%
11. MV, V, S God Emperor Doom
13%
47. U Hercules
13%
13. U, V, MT Legion (Weaver)
13%
31. C, U Lord Chaos
13%
28. MV, O Mad Jim Jaspers
13%
25. U Sentry
13%
42. U, S Surtur
13%
4. C, MV The First Firmament
13%
14. C, MV, O Abraxes
8%
39. U Annihilus
8%
48. U Black Bolt
8%
26. U, V, S Black Priest Strange
8%
35. U, V Gorr the God Butcher (All Black Necrosword)
8%
16. MV Kang the Conquerer
8%
34. C, U Kronos
8%
32. C, U Master Order
8%
45. MT Vulcan
8%
30. U, V, S All Rider (Robbie Reyes)
4%
27. C, MV Arishem the Judge
4%
49. U Gladiator
4%
46. MT Proteus
4%
41. U, S Ymir
4%
No matching quizzes found
Score Distribution
Percent of People with Each Score
Percentile by Number Answered
Your Score History
You have not taken this quiz